La muerte le sienta bien a Villalobos

Đã lưu trong:
Chi tiết về thư mục
Tác giả chính: Alcántara, Francisco José
Định dạng: Sách
Ngôn ngữ:Undetermined
Được phát hành: Barcelona, España diciones Destino 1957
Phiên bản:4
Những chủ đề:
Các nhãn: Thêm thẻ
Không có thẻ, Là người đầu tiên thẻ bản ghi này!

MARC

LEADER 00000nam a2200000Ia 4500
008 170316s9999 xx 000 0 und d
040 |a cru BVZT 
090 |a 862 A-13.1m 
100 |a Alcántara, Francisco José 
245 |a La muerte le sienta bien a Villalobos 
250 |a 4 
260 |a Barcelona, España 
260 |b diciones Destino 
260 |c 1957 
300 |a 267 páginas 
650 |a LITERATURA ESPAÑOLA 
999 |c 9361  |d 9361 
942 |c 15 D  |h 862 A-13.1m  |2 z